| 000 | 00566nam a2200181Ia 4500 | ||
|---|---|---|---|
| 999 |
_c14334 _d14334 |
||
| 003 | OSt | ||
| 005 | 20201021115954.0 | ||
| 008 | 190216s9999||||xx |||||||||||||| ||und|| | ||
| 020 | _a8176251100 | ||
| 040 | _coclc | ||
| 082 |
_a822.9109954 _bDOD/I |
||
| 100 |
_aDodiya, Jaydipsinh K _95327 |
||
| 245 | 0 |
_aIndian English Drama : _bCritical Perspectives / _cJaydipsinh K Dodiya ; K V Surendran |
|
| 260 |
_bSarup & Sons, _aNew delhi: _c2007. |
||
| 300 | _a121p | ||
| 650 | _aEnglish | ||
| 942 |
_cBK _2ddc _h822.9109954 _iDOD/I _k822.9109954 _mDOD/I |
||